[Event "IV Festival A"]
[Site "Forni di Sopra ITA"]
[Date "2013.06.22"]
[Round "9"]
[White "Hambleton, Aman"]
[Black "Altini, Nicola"]
[WhiteElo "2461"]
[BlackElo "2323"]
[Result "1-0"]
[PlyCount "143"]
[EventDate "2013.06.15"]

1. d4 d5 2. c4 c6 3. Nf3 Nf6 4. e3 Bf5 5. Nc3 e6 6. Nh4 Bg6 7. Nxg6 hxg6 8. Bd3
Nbd7 9. O-O Ne4 10. g3 Nd6 11. cxd5 cxd5 12. e4 dxe4 13. Nxe4 Nxe4 14. Bxe4 Bd6
15. Bxb7 Rb8 16. Bg2 O-O 17. b3 Nb6 18. Qd3 Nd5 19. Bd2 Bb4 20. Rfc1 a5 21. Rc4
Qd7 22. h4 Rfd8 23. Bg5 Be7 24. Rac1 Bxg5 25. hxg5 Nb6 26. Bc6 Qa7 27. Rc5 Nd7
28. Bxd7 Rxd7 29. Qf3 Qb6 30. Qf4 Rbd8 31. R1c4 Rd5 32. Rc6 Qb5 33. Rc8 Qe8 34.
R8c5 Rxc5 35. dxc5 Qc6 36. Qe4 Rd1+ 37. Kg2 Qxe4+ 38. Rxe4 Rc1 39. Re5 Rc3 40.
c6 a4 41. b4 Rxc6 42. Ra5 Rc2 43. Rxa4 Rb2 44. a3 f6 45. Ra5 e5 46. gxf6 gxf6
47. b5 Kf7 48. a4 e4 49. Kf1 f5 50. Ra6 g5 51. b6 f4 52. gxf4 gxf4 53. Ke1 f3
54. Ra7+ Ke6 55. b7 Re2+ 56. Kd1 Rb2 57. Kc1 Rb3 58. Kc2 Rb4 59. Kc3 Rb1 60.
Kd4 Rb4+ 61. Kc5 e3 62. Ra6+ Ke7 63. Kxb4 e2 64. b8=Q e1=Q+ 65. Kc5 Qxf2+ 66.
Kc6 Qc2+ 67. Kb7 Qb3+ 68. Rb6 Qd5+ 69. Ka7 Qa5+ 70. Ra6 Qc5+ 71. Qb6 Qxb6+ 72.
Rxb6 1-0

[Event "IV Festival A"]
[Site "Forni di Sopra ITA"]
[Date "2013.06.22"]
[Round "9"]
[White "Horvath, Csaba"]
[Black "Boscolo, Federico"]
[WhiteElo "2516"]
[BlackElo "2314"]
[Result "1/2-1/2"]
[PlyCount "70"]
[EventDate "2013.06.15"]

1. d4 Nf6 2. c4 g6 3. Nc3 Bg7 4. e4 d6 5. Be2 O-O 6. Bg5 Na6 7. Qd2 e5 8. d5 c6
9. f3 cxd5 10. cxd5 Bd7 11. Bxa6 bxa6 12. Nge2 Rb8 13. b3 Qb6 14. Be3 Qb7 15.
O-O Ne8 16. Rac1 f5 17. f4 Nf6 18. exf5 gxf5 19. Kh1 e4 20. Rc2 Rbc8 21. Rfc1
Rc7 22. Nd4 Rfc8 23. Ne6 Bxe6 24. dxe6 Qb4 25. e7 Kf7 26. h3 Rxe7 27. Nxe4 Qxd2
28. Ng5+ Kg6 29. Bxd2 Rxc2 30. Rxc2 Re2 31. Nf3 Ne4 32. Rc6 Bd4 33. Bb4 Ng3+
34. Kh2 Nf1+ 35. Kh1 Ng3+ 1/2-1/2

[Event "IV Festival A"]
[Site "Forni di Sopra ITA"]
[Date "2013.06.22"]
[Round "9"]
[White "Rambaldi, Francesco"]
[Black "Naumkin, Igor"]
[WhiteElo "2340"]
[BlackElo "2457"]
[Result "1-0"]
[PlyCount "67"]
[EventDate "2013.06.15"]

1. e4 e5 2. Nf3 Nc6 3. Nc3 Nf6 4. Bb5 Bb4 5. O-O O-O 6. Bxc6 dxc6 7. Nxe5 Qe7
8. Nd3 Bxc3 9. dxc3 Qxe4 10. Re1 Qh4 11. Bf4 Nd5 12. Bg3 Qd8 13. Qf3 b6 14.
Rad1 Qg5 15. h3 Be6 16. c4 Ne7 17. b3 Rac8 18. Re5 Nf5 19. Qxc6 Qf6 20. Bh2 Nd4
21. Qe4 Rcd8 22. Bg3 Bf5 23. Qf4 h6 24. Kh1 g5 25. Qd2 Bc8 26. Rd5 Ne6 27. Ne5
Bb7 28. Ng4 Qg6 29. Rxd8 Rxd8 30. Qxd8+ Nxd8 31. Rxd8+ Kh7 32. Be5 f6 33. Nxf6+
Kg7 34. Rg8+ 1-0

[Event "IV Festival A"]
[Site "Forni di Sopra ITA"]
[Date "2013.06.22"]
[Round "9"]
[White "Tania, Sachdev"]
[Black "Laketic, Gojko"]
[WhiteElo "2408"]
[BlackElo "2410"]
[Result "1/2-1/2"]
[PlyCount "105"]
[EventDate "2013.06.15"]

1. d4 d5 2. c4 c6 3. Nf3 Nf6 4. Nc3 a6 5. cxd5 cxd5 6. Bf4 Nc6 7. Rc1 Nh5 8.
Bg5 h6 9. Bh4 g5 10. Bg3 Nxg3 11. hxg3 Bg7 12. e3 e6 13. Bd3 Bd7 14. Nd2 e5 15.
dxe5 Nxe5 16. Be2 Be6 17. Nf3 Nc6 18. Qd2 d4 19. exd4 Nxd4 20. Nxd4 Qxd4 21.
Qxd4 Bxd4 22. O-O O-O-O 23. b3 Kb8 24. Ne4 Rhe8 25. Nc5 Bc8 26. Bh5 Re7 27. Nd3
Bf5 28. Rfe1 Rxe1+ 29. Nxe1 Be6 30. Rd1 g4 31. Kf1 Bb6 32. Rxd8+ Bxd8 33. Ke2
Bb6 34. Nc2 Kc7 35. Ne3 f6 36. Bxg4 Bxe3 37. Bxe6 Bc5 38. f4 a5 39. Kf3 Kd6 40.
Bc4 b6 41. Ke4 Ke7 42. Kf5 Bf2 43. g4 Be3 44. a4 Bd2 45. Ke4 Kf8 46. Kf5 Kg7
47. Ke4 Kf8 48. Kf5 Ke7 49. Ke4 Kf8 50. Kf5 Kg7 51. Ke4 Kf8 52. Kf5 Kg7 53. Ke4
1/2-1/2